Articles du Code civil en droit des contrats - Statistiques

Statistiques générales
  • Ce quiz a été pris 136 fois
  • Le résultat moyen est 6 sur 15
Statistiques - réponses
Question Réponse % Correct
Art. 1123 Définition du pacte de préférence
67%
Art. 1128 Les conditions relatives à la validité d'un contrat
67%
Art. 1137 Définition du dol
60%
Art. 1102 Le principe de liberté contractuelle
49%
Art. 1120 Le silence ne vaut pas acceptation
47%
Art.1995 La révision pour imprévision
43%
Art. 1210 La prohibition des engagements perpétuels
40%
Art. 1168 Principe de l'équilibre subjectif du contrat
39%
Art. 1113 Formation du contrat
34%
Art.1224 La résolution pour inexécution
30%
Art.1212 Principe du "mutuus dissensus"
30%
Art. 1205 La stipulation pour autrui
24%
Art.1194 Le forçage du contrat
20%
Art. 1172 Principe du consensualisme
12%
Art.1184 La nullité partielle
9%
Aucun quiz correspondant
Distribution des résultats
% des personnes avec chaque résultat
Percentile par nombre de réponses
Votre historique - résultats
Vous n’avez pas pris ce quiz